00419 2200181 4500001002100000005001500021035002000036008004100056245002700097100001800124250000600142260003400148300001100182084001400193082000800207650001000215990001200225INLIS00000000000021420240502023029 a0010-0424000190240502 0 ind 1 aZaenab /cPunk Pribadi aPribadi, Punk a1 aSolo :bTiga Serangkai,c2008 a42 hlm a813 PUN z a813 4aFiksi a0732440